Tilastot visalle Maailman kieliä A-Ö

Klikkaa tästä pelataksesi tätä visaa!

Yleistilastot

  • Tätä visaa on pelattu 463 kertaa
  • Keskiarvotulos 11 / 24

Vastaustilastot

VihjeVastaus% Oikein
AKoraani on kirjoitettu tällä kielelläarabia
95%
LMuinaisen Rooman kielilatina
81%
HIsraelin virallinen kieliheprea
76%
RItä-Euroopassa puhuttu romaaninen kieliromania
72%
JTätä kieltä voidaan kirjoittaa kana-, hiragana- ja kanji-merkeilläjapani
70%
UKolmanneksi puhutuin slaavilainen kieliukraina
66%
IAinoa kelttiläinen kieli, joka on jonkin valtion virallinen kieliiiri
65%
BPohjois-Espanjassa puhuttu kieli, joka ei ole läheistä sukua millekään muulle kielelläbaski
62%
VIndokiinan puhutuin kielivietnam
55%
ETästä vuonna 1887 luodusta kielestä oli tarkoitus tulla maailmanlaajuinen yleiskieliesperanto
54%
STansanian ja Kenian lingua francaswahili
53%
ZEtelä-Afrikan puhutuin kielizulu
51%
TAnatolian niemimaan puhutuin kieliturkki
49%
WShanghain ympäristössä puhuttu kiinalainen kieliwu-kiina
42%
NYhdysvaltain puhutuin alkuperäiskielinavajo
38%
KKambodžan virallinen kielikhmer
35%
XNelson Mandelan äidinkielixhosa
34%
PTämä Intiassa ja Pakistanissa puhuttu kieli on maailman puhutuin kieli, joka ei ole minkään valtion virallinen kielipandžabi
28%
MMadagaskarin virallinen kielimalagassi
24%
DBhutanin virallinen kielidzongkha
19%
GIntian länsiosissa puhuttu kieli, joka oli Mahatma Gandhin äidinkieligudžarati
19%
CFilippiinien keskiosissa puhuttu kielicebuano
14%
OEtiopian puhutuin kielioromo
14%
FLänsi-Afrikassa yli kymmenessä valtiossa puhuttu kielifulani
11%

Tulosjakauma

Persentiili vastausten määrän mukaan

Jokaisen tuloksen saaneiden osuus

Tuloshistoriasi

Et ole pelannut tätä visaa